000 00347nam a22001577a 4500
003 SGT
020 _a978-93-8606-211-6
082 _a612.8
_bP17K
100 _aKHOSLA, MEETU
245 _aPHYSIOLOGICAL PSYCHOLOGY AN INTRODUCTION
250 _a1ST
260 _aINDIA
_bSAGE
_c2017
300 _a414
650 _aPSYCHOLOGY
942 _2ddc
_cBK
999 _c20099
_d20099